Vista normal
Vista MARC
Entrada Materia (corporativa)
Número de registros utilizados en: 2
001 - CONTROL NUMBER
- control field: 44286
003 - CONTROL NUMBER IDENTIFIER
- control field: Co-BoUCM
005 - DATE AND TIME OF LATEST TRANSACTION
- control field: 20130904132005.0
008 - FIXED-LENGTH DATA ELEMENTS
- fixed length control field: 130904|| aca||aabn | a|a d
040 ## - CATALOGING SOURCE
- Original cataloging agency: Co-BoUCM
- Transcribing agency: Co-BoUCM
110 ## - HEADING--CORPORATE NAME
- Corporate name or jurisdiction name as entry element: União Nacional para a Independência Total de Angola
670 ## - SOURCE DATA FOUND
- Source citation: Work cat.: (Co-BoUCM)180103: Weigert, Stephen L. 44284, Angola, 2011.